Ludwig Faverbach : (Record no. 61656)

MARC details
000 -LEADER
campo de control de longitud fija 00839nam a2200253 i 4500
001 - NÚMERO DE CONTROL
campo de control 61656
003 - IDENTIFICADOR DE NÚMERO DE CONTROL
campo de control ES-MaACL
005 - FECHA Y HORA DE LA ÚLTIMA TRANSACCIÓN
campo de control 20230906164519.0
007 - CAMPO FIJO DE DESCRIPCIÓN FÍSICA--INFORMACIÓN GENERAL
campo de control de longitud fija t|
008 - DATOS DE LONGITUD FIJA--INFORMACIÓN GENERAL
campo de control de longitud fija 031113s1977 sp |||| | spa d
020 ## - NÚMERO INTERNACIONAL ESTÁNDAR DEL LIBRO
Número Internacional Estándar del Libro 84-265-5311-7
080 ## - NÚMERO DE LA CLASIFICACIÓN DECIMAL UNIVERSAL
Número de la Clasificación Decimal Universal 1 Feuerbach, Ludwig
100 1# - ENTRADA PRINCIPAL--NOMBRE DE PERSONA
Nombre de persona Fabro, Cornelio.
9 (RLIN) 48578
245 10 - MENCIÓN DEL TÍTULO
Título Ludwig Faverbach :
Resto del título la esencia del cristianismo /
Mención de responsabilidad, etc. Cornelio Fabro ; [traducción de Pedro Rojas Melero].
260 ## - PUBLICACIÓN, DISTRIBUCIÓN, ETC.
Lugar de publicación, distribución, etc. [Madrid] :
Nombre del editor, distribuidor, etc. Emesa [Magisterio Español],
Fecha de publicación, distribución, etc. [1977]
300 ## - DESCRIPCIÓN FÍSICA
Extensión 244 p. ;
Dimensiones 19 cm.
490 1# - MENCIÓN DE SERIE
Mención de serie Crítica filosófica ;
Designación de volumen o secuencia 12
504 ## - NOTA DE BIBLIOGRAFÍA, ETC.
Nota de bibliografía, etc. Bibliografía: p. 233-238.
600 14 - PUNTO DE ACCESO ADICIONAL DE MATERIA--NOMBRE DE PERSONA
Nombre de persona Feuerbach, Ludwig-
Subdivisión general Crítica e interpretación.
9 (RLIN) 50635
700 1# - ENTRADA AGREGADA--NOMBRE PERSONAL
Nombre de persona Rojas Melero, Pedro.
9 (RLIN) 99075
830 1# - PUNTO DE ACCESO ADICIONAL DE SERIE-TÍTULO UNIFORME
Título uniforme Crítica filosófica ;
Designación de volumen o secuencia 12
9 (RLIN) 181774
852 ## - LOCALIZACIÓN
Ubicación ES-MaACL
Número de control de estantería A-8112
Holdings
Estatus retirado Estado de pérdida Estado de daño No para préstamo Biblioteca de origen Biblioteca actual Ubicación en estantería Fecha de adquisición Fuente de adquisición Total de préstamos Signatura topográfica completa Código de barras Visto por última vez Precio de reemplazo Tipo de ítem Koha
        Biblioteca del Ateneo de Madrid Biblioteca del Ateneo de Madrid Sala Pecera Planta 1 17/01/2008     A-8112 1064649 23/02/2023 23/02/2023 Libro impreso